00379nam a2200133Ia 450000500170000000800410001702000180005808200290007610000370010524500400014225000120018226000380019430000130023220250428121047.0231217s9999 xx 000 0 und d a9780132354769 a001.6424JAV HOR1.2;9 R aHorstmann, Cay S. Cornell, Gary. 0aCore Java 2 V.2 : advanced features a8th ed. c2006bSun micro systemsaPal Alto axx, 1032